[Event "Istanbul op-A 12th"]
[Site "Istanbul"]
[Date "2013.10.14"]
[Round "4"]
[White "Ogurtani, Evren"]
[Black "Can, Melih Kaan"]
[Result "0-1"]
[WhiteElo "1816"]
[BlackElo "1959"]
[PlyCount "50"]
[EventDate "2013.10.12"]
[EventType "swiss"]
[EventRounds "9"]
[EventCountry "TUR"]
[SourceTitle "EXT 2014"]
[Source "ChessBase"]
[SourceDate "2013.11.20"]
[SourceVersion "1"]
[SourceVersionDate "2013.11.20"]
[SourceQuality "1"]

1. d4 Nf6 2. c4 c5 3. Nf3 g6 4. Nc3 Bg7 5. g3 cxd4 6. Nxd4 d5 7. Nf3 e6 8. Bg2 0-0 9. cxd5 Nxd5 10. Nxd5 exd5 11. 0-0 Nc6 12. Ne1 Bg4 13. h3 Bf5 14. Nd3 Re8 15. Rb1 Nb4 16. a3 Nxd3 17. exd3 Qd7 18. g4 Be6 19. d4 h5 20. gxh5 Bxh3 21. hxg6 fxg6 22. Be3 Bxg2 23. Kxg2 Qf5 24. Rg1 Re4 25. Qd2 Rg4+ 0-1